Management Accounting (Record no. 9436)

MARC details
000 -LEADER
fixed length control field 00506nam a22001937a 4500
003 - CONTROL NUMBER IDENTIFIER
control field OSt
005 - DATE AND TIME OF LATEST TRANSACTION
control field 20241004154028.0
008 - FIXED-LENGTH DATA ELEMENTS--GENERAL INFORMATION
fixed length control field 241004b |||||||| |||| 00| 0 eng d
020 ## - INTERNATIONAL STANDARD BOOK NUMBER
International Standard Book Number 9780470057704
040 ## - CATALOGING SOURCE
Transcribing agency DDC
082 ## - DEWEY DECIMAL CLASSIFICATION NUMBER
Classification number 658.15 JON 2010
100 ## - MAIN ENTRY--PERSONAL NAME
Personal name Jones, Michael
9 (RLIN) 19247
245 ## - TITLE STATEMENT
Title Management Accounting
260 ## - PUBLICATION, DISTRIBUTION, ETC. (IMPRINT)
Place of publication, distribution, etc. Amsterdam; Elsevier, 2010
300 ## - PHYSICAL DESCRIPTION
Extent xxii,122p; Ill: 24cm
504 ## - BIBLIOGRAPHY, ETC. NOTE
Bibliography, etc References, & index included
650 ## - SUBJECT ADDED ENTRY--TOPICAL TERM
Topical term or geographic name as entry element Management accounting
9 (RLIN) 5280
942 ## - ADDED ENTRY ELEMENTS (KOHA)
Source of classification or shelving scheme Dewey Decimal Classification
Koha item type Open Shelf
Holdings
Withdrawn status Lost status Source of classification or shelving scheme Damaged status Not for loan Home library Current library Date acquired Source of acquisition Inventory number Total Checkouts Full call number Barcode Date last seen Koha item type
    Dewey Decimal Classification     MUST Main Library MUST Main Library 04/10/2024 purchase 24/42265   658.15 JON 2010 2024-22480 04/10/2024 Open Shelf
    Dewey Decimal Classification     MUST Main Library MUST Main Library 04/10/2024 purchase 24/42266   658.15 JON 2010 2024-22481 04/10/2024 Open Shelf